Estadísticas para Países Megadiversos

Haz click aquí para intentar la prueba.

Estadísticas generales

  • Esta prueba ha sido intentada 2.638 veces
  • La puntuación promedio es 13 de 17

Estadísticas de respuestas

País% Correcto
Brasil
96%
China
92%
Estados Unidos
91%
Australia
90%
India
88%
México
87%
Colombia
86%
Indonesia
80%
Perú
79%
Sudáfrica
77%
Venezuela
76%
R.D. Congo
74%
Ecuador
70%
Malasia
60%
Filipinas
54%
Madagascar
53%
Papua Nueva Guinea
44%

Distribución de puntuación

Porcentaje por número respondido

Porcentaje de gente con cada puntuación

Historial de tus puntuaciones

No has intentado esta prueba.